[Event "Arad op-A 14th"]
[Site "Arad"]
[Date "2021.08.05"]
[Round "8"]
[White "Isfan, Ioan Marius"]
[Black "Secrieru, Andrei Cristian"]
[Result "1-0"]
[WhiteElo "2146"]
[BlackElo "1917"]
[PlyCount "97"]
[EventDate "2021.07.30"]
[EventType "swiss"]
[EventRounds "9"]
[EventCountry "ROU"]
[SourceTitle "CBM 203 Extra"]
[Source "ChessBase"]
[SourceDate "2021.09.30"]
[SourceVersion "1"]
[SourceVersionDate "2021.09.30"]
[SourceQuality "1"]

1. d4 Nf6 2. Nf3 e6 3. c4 d5 4. Nc3 Be7 5. Bg5 0-0 6. e3 Nbd7 7. cxd5 Nxd5 8. Bxe7 Qxe7 9. Bd3 b6 10. Nxd5 exd5 11. Qc2 Qb4+ 12. Nd2 Nf6 13. a3 Qd6 14. Rc1 Bb7 15. Qxc7 Rac8 16. Qxd6 Rxc1+ 17. Ke2 Rxh1 18. Nf3 Rc1 19. Qe7 Ba8 20. Ng5 Rcc8 21. Qxa7 Ne4 22. Nf3 Bc6 23. Ne5 Ba8 24. f3 Nf6 25. g4 Rb8 26. a4 Rb7 27. Qa6 Nd7 28. Nc6 Rc7 29. Ne7+ Kh8 30. Nf5 Bc6 31. Bb1 Ra8 32. Qd3 Nf8 33. b3 Rb8 34. Nd6 Kg8 35. Kd2 Rd7 36. Nb5 g6 37. h4 Ne6 38. h5 Ng5 39. Ke2 Kg7 40. Nc3 Re7 41. Qd2 Ne6 42. Kf2 Nc7 43. e4 b5 44. h6+ Kf6 45. axb5 Bxb5 46. Qf4+ Ke6 47. Nxd5 Rb7 48. Qf6+ Kd7 49. Qxe7+ 1-0

[Event "Arad op-A 14th"]
[Site "Arad"]
[Date "2021.07.30"]
[Round "1"]
[White "Secrieru, Andrei Cristian"]
[Black "Ursan, Petru Sebastian"]
[Result "1/2-1/2"]
[WhiteElo "1917"]
[BlackElo "2225"]
[PlyCount "121"]
[EventDate "2021.07.30"]
[EventType "swiss"]
[EventRounds "9"]
[EventCountry "ROU"]
[SourceTitle "CBM 203 Extra"]
[Source "ChessBase"]
[SourceDate "2021.09.30"]
[SourceVersion "1"]
[SourceVersionDate "2021.09.30"]
[SourceQuality "1"]

1. d4 Nf6 2. c4 g6 3. Nc3 Bg7 4. Nf3 0-0 5. Bg5 c5 6. e3 cxd4 7. exd4 d5 8. Be2 Ne4 9. cxd5 Nxg5 10. Nxg5 e6 11. Nf3 exd5 12. 0-0 Nc6 13. Qb3 Nxd4 14. Nxd4 Bxd4 15. Rad1 Bxc3 16. bxc3 Be6 17. Bf3 Qc7 18. Bxd5 Bxd5 19. Rxd5 Rac8 20. Rfd1 Rfe8 21. R5d3 b6 22. g3 Re6 23. Rd7 Qxc3 24. Qxc3 Rxc3 25. Rxa7 Rc2 26. Rdd7 Rf6 27. f4 Re6 28. Kf1 Ree2 29. Rxf7 Rxh2 30. Kg1 Rhd2 31. Rg7+ Kf8 32. Rgf7+ Ke8 33. Rfe7+ Kd8 34. Re1 Rg2+ 35. Kh1 Rh2+ 36. Kg1 Rcg2+ 37. Kf1 Rxa2 38. Rxa2 Rxa2 39. Re6 b5 40. Rb6 Rb2 41. Rb7 b4 42. Ke1 h5 43. Kd1 Rb3 44. Ke2 Ke8 45. Kf2 Rb1 46. Kg2 b3 47. Kh2 Kd8 48. Kh3 Kc8 49. Rb4 Kd7 50. Kh4 b2 51. Kg5 h4 52. Rd4+ Ke7 53. Rd2 hxg3 54. Kxg6 Rf1 55. Rxb2 Rf2 56. Rb1 Rxf4 57. Rg1 Rf8 58. Kg5 Ke6 59. Kg4 Ke5 60. Rxg3 Rg8+ 61. Kh3 1/2-1/2

[Event "Arad op 12th"]
[Site "Arad"]
[Date "2019.07.26"]
[Round "4"]
[White "Patrascu, Catalin Lucian"]
[Black "Secrieru, Andrei Cristian"]
[Result "1-0"]
[WhiteElo "2292"]
[BlackElo "1968"]
[PlyCount "51"]
[EventDate "2019.07.24"]
[EventType "swiss"]
[EventRounds "9"]
[EventCountry "ROU"]
[SourceTitle "CBM 191 Extra"]
[Source "ChessBase"]
[SourceDate "2019.09.30"]
[SourceVersion "1"]
[SourceVersionDate "2019.09.30"]
[SourceQuality "1"]

1. Nf3 c5 2. c4 Nc6 3. e3 e6 4. b3 Nf6 5. Bb2 Be7 6. Nc3 0-0 7. d4 cxd4 8. Nxd4 Nxd4 9. Qxd4 b6 10. Be2 Bb7 11. 0-0 Bc5 12. Qd3 Qe7 13. Rad1 d5 14. cxd5 Nxd5 15. Bf3 Nf6 16. Bxb7 Qxb7 17. e4 Rfc8 18. e5 Ne8 19. Ne4 Be7 20. Qf3 Qc6 21. Rd3 Qc2 22. Rd7 Rc7 23. Nf6+ gxf6 24. Qxa8 Rxd7 25. Qxe8+ Bf8 26. Ba3 1-0

[Event "ROM-ch U16"]
[Site "Calimanesti Caciulata"]
[Date "2019.04.18"]
[Round "5"]
[White "Ognean, Mihnea Ionut"]
[Black "Secrieru, Andrei Cristian"]
[Result "1-0"]
[WhiteElo "2244"]
[BlackElo "1934"]
[PlyCount "59"]
[EventDate "2019.04.15"]
[EventType "swiss"]
[EventRounds "9"]
[EventCountry "ROU"]
[SourceTitle "CBM 190 Extra"]
[Source "ChessBase"]
[SourceDate "2019.07.15"]
[SourceVersion "1"]
[SourceVersionDate "2019.07.15"]
[SourceQuality "1"]

1. e4 c5 2. Nf3 e6 3. d4 cxd4 4. Nxd4 Nc6 5. Nc3 Qc7 6. f4 a6 7. Nxc6 bxc6 8. Bd3 Nf6 9. Qe2 Bb4 10. 0-0 h5 11. e5 Ng4 12. Ne4 a5 13. g3 d5 14. exd6 Bxd6 15. f5 Be5 16. Bf4 Bxf4 17. Rxf4 e5 18. f6 gxf6 19. Nxf6+ Nxf6 20. Rxf6 Be6 21. Re1 Qb6+ 22. Kg2 Qxb2 23. Qf3 Rc8 24. Rxe6+ fxe6 25. Qf6 Kd7 26. Rxe5 Qxa2 27. Qf7+ Kd6 28. Qf4 Kd7 29. Rg5 Rhf8 30. Rg7+ 1-0

[Event "ROM-ch"]
[Site "Olanesti"]
[Date "2019.03.09"]
[Round "8"]
[White "Apahidean, Ioan"]
[Black "Secrieru, Andrei Cristian"]
[Result "1/2-1/2"]
[WhiteElo "1887"]
[BlackElo "1900"]
[PlyCount "32"]
[EventDate "2019.03.02"]
[EventType "swiss"]
[EventRounds "9"]
[EventCountry "ROU"]
[SourceTitle "CBM 189 Extra"]
[Source "ChessBase"]
[SourceDate "2019.06.03"]
[SourceVersion "1"]
[SourceVersionDate "2019.06.03"]
[SourceQuality "1"]

1. e4 c5 2. c4 Nc6 3. Nc3 e6 4. g3 Nd4 5. Bg2 Ne7 6. Nge2 Nec6 7. 0-0 Be7 8. d3 0-0 9. Be3 a6 10. f4 Rb8 11. Qd2 f5 12. Bf2 d6 13. Rab1 Bf6 14. exf5 Nxf5 15. g4 Nh4 16. Bxh4 Bxh4 1/2-1/2

[Event "ROM-ch U16"]
[Site "Calimanesti"]
[Date "2018.04.02"]
[Round "8"]
[White "Secrieru, Andrei Cristian"]
[Black "Toma, Mihai Iulian"]
[Result "1-0"]
[WhiteElo "1809"]
[BlackElo "1597"]
[PlyCount "65"]
[EventDate "2018.03.27"]
[EventType "swiss"]
[EventRounds "9"]
[EventCountry "ROU"]
[SourceTitle "CBM 183 Extra"]
[Source "ChessBase"]
[SourceDate "2018.04.19"]
[SourceVersion "1"]
[SourceVersionDate "2018.04.19"]
[SourceQuality "1"]

1. d4 d5 2. c4 e6 3. Nf3 Nf6 4. e3 Nbd7 5. b3 c5 6. Nbd2 b6 7. Bb2 Bb7 8. Bd3 dxc4 9. Nxc4 Be7 10. 0-0 0-0 11. Nfe5 h6 12. Nxd7 Qxd7 13. dxc5 Qc6 14. f3 Bxc5 15. Qe1 Be7 16. Rc1 Rac8 17. Qg3 Qd7 18. Rfd1 Qe8 19. Rc2 b5 20. Bxf6 Bxf6 21. Nd6 Qe7 22. Nxc8 Bxc8 23. Bxb5 Qb4 24. Bc4 Qb6 25. Re2 Bg5 26. f4 Bf6 27. Kh1 Bb7 28. e4 Be7 29. f5 exf5 30. exf5 Bc5 31. Rf1 Bd4 32. f6 g6 33. Qxg6+ 1-0

[Event "Budapest Gyorgy Memorial 2nd"]
[Site "Budapest"]
[Date "2017.10.15"]
[Round "6.3"]
[White "Secrieru, Andrei Cristian"]
[Black "Giang, Tran Nam"]
[Result "1/2-1/2"]
[WhiteElo "1827"]
[BlackElo "1607"]
[PlyCount "101"]
[EventDate "2017.10.12"]
[EventType "swiss"]
[EventRounds "7"]
[EventCountry "HUN"]
[SourceTitle "EXT 2019"]
[Source "ChessBase"]
[SourceDate "2018.10.10"]
[SourceVersion "1"]
[SourceVersionDate "2018.10.10"]
[SourceQuality "1"]

1. d4 d5 2. c4 dxc4 3. e3 e6 4. Bxc4 a6 5. Nf3 c5 6. 0-0 Nf6 7. b3 b5 8. Be2 Bb7 9. Bb2 Nbd7 10. Nbd2 Be7 11. Rc1 Rc8 12. Bd3 cxd4 13. Rxc8 Qxc8 14. exd4 0-0 15. Bb1 Qa8 16. Re1 Rc8 17. Qe2 Bd5 18. Rd1 Nf8 19. Qf1 Ng6 20. Ne5 Nxe5 21. dxe5 Nd7 22. h3 Nf8 23. f3 Ng6 24. Ne4 Qb8 25. f4 Qb7 26. Nc3 Bc5+ 27. Kh2 Ne7 28. Nxd5 Nxd5 29. Be4 Rd8 30. f5 Qb8 31. Bxd5 exd5 32. Kh1 Qc8 33. Qf3 Qd7 34. Rd3 d4 35. Qg4 a5 36. Rg3 g6 37. e6 Qe7 38. exf7+ Qxf7 39. fxg6 hxg6 40. Qe2 Re8 41. Qxb5 Re1+ 42. Kh2 Bd6 43. Qxa5 Bxg3+ 44. Kxg3 Re3+ 45. Kh2 Re2 46. Qd8+ Re8 47. Qxd4 Kf8 48. Qb4+ Kg8 49. Qd4 Kf8 50. Qd6+ Kg8 51. Qd4 1/2-1/2

[Event "Corund Ceramica op 3rd"]
[Site "Corund"]
[Date "2017.09.29"]
[Round "6"]
[White "Secrieru, Andrei Cristian"]
[Black "Joo, Janos"]
[Result "0-1"]
[WhiteElo "1853"]
[BlackElo "2156"]
[PlyCount "64"]
[EventDate "2017.09.26"]
[EventType "swiss"]
[EventRounds "9"]
[EventCountry "ROU"]
[SourceTitle "EXT 2018"]
[Source "ChessBase"]
[SourceDate "2017.10.13"]
[SourceVersion "1"]
[SourceVersionDate "2017.10.13"]
[SourceQuality "1"]

1. d4 Nf6 2. c4 g6 3. Nc3 Bg7 4. Nf3 0-0 5. Bg5 d6 6. e3 h6 7. Bh4 Nbd7 8. Be2 e5 9. 0-0 g5 10. Bg3 Nh5 11. Qc2 Nxg3 12. hxg3 f5 13. Rad1 e4 14. Nd2 Nf6 15. Rfe1 c6 16. d5 c5 17. a3 h5 18. Nf1 h4 19. Qd2 Qe7 20. b4 b6 21. gxh4 gxh4 22. Nh2 Ng4 23. Bxg4 fxg4 24. Ne2 Be5 25. Nf4 g3 26. Nf1 Qg5 27. fxg3 hxg3 28. Rb1 Qh4 29. Rec1 Rxf4 30. exf4 Bd4+ 31. Ne3 Bg4 32. Qxd4 cxd4 0-1

[Event "Corund Ceramica op 3rd"]
[Site "Corund"]
[Date "2017.09.27"]
[Round "2"]
[White "Secrieru, Andrei Cristian"]
[Black "Makka, Ioulia"]
[Result "1/2-1/2"]
[WhiteElo "1853"]
[BlackElo "2173"]
[PlyCount "102"]
[EventDate "2017.09.26"]
[EventType "swiss"]
[EventRounds "9"]
[EventCountry "ROU"]
[SourceTitle "EXT 2018"]
[Source "ChessBase"]
[SourceDate "2017.10.13"]
[SourceVersion "1"]
[SourceVersionDate "2017.10.13"]
[SourceQuality "1"]

1. d4 Nf6 2. c4 e6 3. Nc3 Bb4 4. Qc2 0-0 5. Nf3 d6 6. Bd2 Nbd7 7. a3 Bxc3 8. Bxc3 Qe7 9. e4 e5 10. d5 a5 11. b4 axb4 12. axb4 Rxa1+ 13. Bxa1 b6 14. g3 Bb7 15. Bg2 Ra8 16. 0-0 c6 17. Nd2 Qd8 18. Rc1 Ra7 19. Bc3 Qa8 20. Qb2 Ne8 21. Ra1 Rxa1+ 22. Qxa1 Qxa1+ 23. Bxa1 Kf8 24. f3 Nc7 25. Bf1 g6 26. Kf2 Ke7 27. Bd3 b5 28. dxc6 Bxc6 29. Nb1 bxc4 30. Bxc4 Nb6 31. Bb3 Nb5 32. Nc3 Nd4 33. Nd5+ Nxd5 34. Bxd5 Bxd5 35. Bxd4 Bc4 36. Bc3 f5 37. Ke3 Ke6 38. Bd2 d5 39. exd5+ Kxd5 40. h4 Bf1 41. Kf2 Bb5 42. Bc3 e4 43. fxe4+ Kxe4 44. Bd2 Bc6 45. Bh6 Kd4 46. Bd2 Kc4 47. Bh6 Kd4 48. Bg7+ Kc4 49. Bf8 Kd3 50. Bg7 Kd2 51. Bh6+ Kc3 1/2-1/2

[Event "EU-ch U14 27th"]
[Site "Mamaia"]
[Date "2017.09.11"]
[Round "6"]
[White "Ghimpu, Samuel Timotei"]
[Black "Secrieru, Andrei Cristian"]
[Result "1-0"]
[WhiteElo "2006"]
[BlackElo "1853"]
[PlyCount "37"]
[EventDate "2017.09.05"]
[EventType "swiss"]
[EventRounds "9"]
[EventCountry "ROU"]
[SourceTitle "CBM 180 Extra"]
[Source "ChessBase"]
[SourceDate "2017.10.06"]
[SourceVersion "1"]
[SourceVersionDate "2017.10.06"]
[SourceQuality "1"]

1. f4 c5 2. Nf3 Nc6 3. e3 Nf6 4. b3 d6 5. Bb2 g6 6. Bb5 Bd7 7. 0-0 Bg7 8. d3 Qb6 9. Bxc6 Bxc6 10. Nbd2 0-0 11. Qe2 Rae8 12. e4 Qc7 13. e5 Nd7 14. Rae1 e6 15. g4 Nb6 16. Ng5 Nd7 17. Nc4 dxe5 18. fxe5 Re7 19. Qf2 1-0

[Event "ROM-ch"]
[Site "Calimanesti Caciulata"]
[Date "2017.04.01"]
[Round "8"]
[White "Fluerariu, Radu Cristian"]
[Black "Secrieru, Andrei Cristian"]
[Result "1-0"]
[WhiteElo "2030"]
[BlackElo "1822"]
[PlyCount "237"]
[EventDate "2017.03.25"]
[EventType "swiss"]
[EventRounds "9"]
[EventCountry "ROU"]
[SourceTitle "CBM 177 Extra"]
[Source "ChessBase"]
[SourceDate "2017.04.27"]
[SourceVersion "1"]
[SourceVersionDate "2017.04.27"]
[SourceQuality "1"]

1. e4 c5 2. c3 Nf6 3. e5 Nd5 4. Nf3 e6 5. Bc4 Nb6 6. Bb3 d6 7. exd6 Bxd6 8. 0-0 0-0 9. d3 Nc6 10. Be3 Qe7 11. Qe2 Nd5 12. Na3 a6 13. Nc4 Nxe3 14. fxe3 Bc7 15. e4 b5 16. Ne3 Na5 17. Bc2 Bb7 18. Nd2 Rac8 19. Rf3 f5 20. Rh3 f4 21. Ng4 e5 22. Nf3 Bd8 23. Kf1 Qc7 24. Kg1 Bf6 25. Nxf6+ Rxf6 26. Nh4 Bc6 27. Nf5 Be8 28. g3 g6 29. Nh6+ Kg7 30. Ng4 Rf8 31. gxf4 Rxf4 32. Ne3 Bc6 33. Ng2 Rf6 34. Qe3 Qf7 35. b4 cxb4 36. cxb4 Bd7 37. Rg3 Rxc2 38. bxa5 Rxa2 39. Rc1 Rxa5 40. d4 exd4 41. Qxd4 Ra4 42. Qe3 Rc4 43. Rd1 Be6 44. h4 h5 45. Kh2 Bg4 46. Rd8 Rc8 47. Rd5 Re8 48. Qd4 Kh7 49. Rc3 Be6 50. Rg5 Qe7 51. Rc6 Rd8 52. Qe5 Kg7 53. Nf4 Kf7 54. Rg2 Bg4 55. Rc7 Rd7 56. Qd5+ Rxd5 57. Rxe7+ Kxe7 58. Nxd5+ Ke6 59. Nxf6 Kxf6 60. Ra2 Ke5 61. Rxa6 Kxe4 62. Rb6 Be2 63. Rxg6 Kd3 64. Rb6 Kc3 65. Rc6+ Kb3 66. Kg2 b4 67. Kf2 Bg4 68. Ke3 Kb2 69. Kd2 b3 70. Rb6 Bf3 71. Rb5 Bg4 72. Rb6 Bf3 73. Kd3 Bg4 74. Rb8 Bd1 75. Kd2 Bg4 76. Rb6 Bf3 77. Ke3 Bd1 78. Kd2 Bg4 79. Rf6 Bh3 80. Rf8 Bg4 81. Rf2 Ka3 82. Kc3 Ka4 83. Rf4+ Ka3 84. Rf8 Ka4 85. Ra8+ Kb5 86. Kxb3 Kc5 87. Rd8 Kc6 88. Rd2 Bf3 89. Kc4 Bg4 90. Rd4 Be6+ 91. Kc3 Bd5 92. Rf4 Be6 93. Rd4 Bd5 94. Rf4 Be6 95. Kd4 Kd6 96. Re4 Bf5 97. Re5 Bg4 98. Ke4 Kd7 99. Kf4 Kd6 100. Re1 Kd7 101. Kg5 Kd6 102. Re3 Kd7 103. Kf6 Kd6 104. Rd3+ Kc5 105. Rd8 Bf3 106. Ke5 Kc6 107. Rd6+ Kc5 108. Rd3 Bg4 109. Rc3+ Kb4 110. Rc7 Kb5 111. Kf4 Kb6 112. Rc1 Kb5 113. Kg5 Kb4 114. Rc7 Kb5 115. Rh7 Kc6 116. Rxh5 Bxh5 117. Kxh5 Kd7 118. Kg6 Ke7 119. Kg7 1-0

[Event "ROM-ch U14"]
[Site "Baile Felix"]
[Date "2017.02.07"]
[Round "7"]
[White "Danila, Ianis Andrei"]
[Black "Secrieru, Andrei Cristian"]
[Result "1-0"]
[WhiteElo "1475"]
[BlackElo "1884"]
[PlyCount "65"]
[EventDate "2017.02.02"]
[EventType "swiss"]
[EventRounds "9"]
[EventCountry "ROU"]
[SourceTitle "CBM 176 Extra"]
[Source "ChessBase"]
[SourceDate "2017.03.02"]
[SourceVersion "1"]
[SourceVersionDate "2017.03.02"]
[SourceQuality "1"]

1. d4 Nf6 2. Nf3 e6 3. c4 b6 4. Nc3 Bb4 5. Bg5 h6 6. Bh4 Bb7 7. e3 g5 8. Bg3 Ne4 9. Qc2 Nxg3 10. hxg3 Be7 11. d5 Bf6 12. 0-0-0 exd5 13. cxd5 d6 14. Bb5+ Kf8 15. Ne4 a6 16. Ba4 Bg7 17. Rh5 b5 18. Bb3 a5 19. a3 a4 20. Ba2 b4 21. Qe2 Ba6 22. Bc4 Bxc4 23. Qxc4 bxa3 24. bxa3 Nd7 25. Rdh1 Rg8 26. Nd4 Ne5 27. Qc2 c5 28. dxc6 Rc8 29. Kd2 Qa5+ 30. Qc3 Qd5 31. Qb4 Nc4+ 32. Kd3 f5 33. Nc3 1-0

[Event "ROM-ch U14"]
[Site "Baile Felix"]
[Date "2017.02.05"]
[Round "4"]
[White "Secrieru, Andrei Cristian"]
[Black "Sarighioleanu, Sebastian Laurentiu"]
[Result "0-1"]
[WhiteElo "1884"]
[BlackElo "1704"]
[PlyCount "78"]
[EventDate "2017.02.02"]
[EventType "swiss"]
[EventRounds "9"]
[EventCountry "ROU"]
[SourceTitle "CBM 176 Extra"]
[Source "ChessBase"]
[SourceDate "2017.03.02"]
[SourceVersion "1"]
[SourceVersionDate "2017.03.02"]
[SourceQuality "1"]

1. d4 d5 2. c4 e6 3. e3 Nf6 4. Nf3 b6 5. Be2 Be7 6. 0-0 0-0 7. b3 Bb7 8. Bb2 Nbd7 9. Nbd2 c5 10. Rc1 Rc8 11. Ne5 Nxe5 12. dxe5 Nd7 13. f4 Qc7 14. Nf3 f5 15. exf6 Bxf6 16. Bxf6 Nxf6 17. Ng5 Rfe8 18. Bg4 Qc6 19. Qf3 h6 20. cxd5 Qxd5 21. Bxe6+ Qxe6 22. Qxb7 hxg5 23. Kh1 Qxe3 24. fxg5 Qxg5 25. Qxa7 Re2 26. Qb7 Rce8 27. Rc3 Qd5 28. Qxd5+ Nxd5 29. Rcf3 Rxa2 30. Rd3 Rf2 31. Ra1 Ref8 32. Kg1 Rxg2+ 33. Kh1 Rg5 34. Rad1 Nb4 35. Rd7 Nc2 36. Re7 Nd4 37. h3 Rf3 38. Kh2 Rf2+ 39. Kh1 Nf3 0-1

[Event "Tri Buki Children's CupT 1st"]
[Site "Tri Buki"]
[Date "2016.02.07"]
[Round "6.2"]
[White "Secrieru, Andrei Cristian"]
[Black "Dzyunzhu, Dzin"]
[Result "1/2-1/2"]
[WhiteElo "1764"]
[BlackElo "1195"]
[PlyCount "71"]
[EventDate "2016.02.04"]
[EventType "team-swiss"]
[EventRounds "6"]
[EventCountry "BUL"]
[SourceTitle "CBM 170 Extra"]
[Source "ChessBase"]
[SourceDate "2016.02.25"]
[SourceVersion "1"]
[SourceVersionDate "2016.02.25"]
[SourceQuality "1"]

1. d4 d5 2. c4 Nf6 3. Nc3 e6 4. Nf3 c5 5. cxd5 exd5 6. g3 Nc6 7. Bg2 cxd4 8. Nxd4 Be6 9. 0-0 Bc5 10. Nxc6 bxc6 11. Na4 Bd6 12. Qc2 Rc8 13. Nc5 Qb6 14. Nxe6 fxe6 15. Bh3 Kf7 16. Kh1 Rce8 17. f3 h5 18. Bf4 Bxf4 19. gxf4 Rhg8 20. Rg1 g6 21. e4 Qe3 22. Rgf1 dxe4 23. Qxc6 exf3 24. Rae1 Qb6 25. Bxe6+ Rxe6 26. Rxe6 Qxb2 27. Rxf6+ Qxf6 28. Qxf3 Kg7 29. f5 Rf8 30. Qf2 Qc6+ 31. Kg1 Qb6 32. Qxb6 axb6 33. fxg6 Rxf1+ 34. Kxf1 Kxg6 35. Kf2 Kf5 36. Kf3 1/2-1/2